MDQL
is popping MORE tags! Check the
thread
!
Quizzes
Events
Quiz Creation
Community
Videos
Private Events
Remove Ads
Sign In
Join for FREE
Feedback
Dark Mode
Quiz Categories
Sports
Geography
Music
Movies
Television
Just For Fun
Miscellaneous
History
Literature
Language
Science
Gaming
Entertainment
Religion
Holiday
For Kids
Quiz Lab
Recent
Popular Today
Quiz Kudos Today
Editor Picks
Curator Picks
Quizzes by...
Day
Popularity
Type
Ratings
Length
Year
Community
Subscriptions
Recent Discussions
Orange Saloon
Badges
Playlists
Quests
Create
Leaderboards
Showdown
Live 5
Trivia Bingo
Activity
Puzzle Library
Sporcle Events
Private Events
Virtual Trivia
Globe League
Become a Host
Pub Owners
SporcleCon
Opinionation
Our Games
Videos
Blog
Mobile Apps
Partnerships
Remove Ads and Go Orange
Feedback
Music
Pop Music
The Beatles
Song
Album
Lyrics
Bands
Singers
Artist
Clip
Rock
Rap
Classical
Billboard
Country Music
Kpop
Taylor Swift
Music
Pop Music
The Beatles
Song
Album
Lyrics
Bands
Singers
Artist
Clip
Rock
Rap
Classical
Billboard
Country Music
Kpop
Taylor Swift
Random Quiz
Search Sporcle
×
Quiz Lab
Quiz Lab
Music
Song
Type in answers that appear in a list
Type in answers that appear in a list
Classic
Best Score? Go Orange.
Fall Out Boy Song By My Favorite Lyric Stats
Can you name the Fall Out Boy Song By My Favorite Lyric?
By
ethanpearl
10m
30 Questions
86 Plays
86 Plays
86 Plays
Comments
Comments
Give Quiz Kudos
Give Quiz Kudos
-
- Ratings
hide this ad
Forced Order
Answers have to be entered in order
Answers have to be entered in order
Random Order
Randomize order of answers
Randomize order of answers
Replay
Link that replays current quiz
Next Quiz
Link to next quiz in quiz playlist
You Got
0%
They Got
Avg Score
61%
Avg Friend Score
Upgrade to see
Score Distribution
Jump to the score distribution portion of the page
Score
0/30
Timer
10:00
0
Plays Today
Hint
Answer
% Correct
I don't know where you're going but do you have room for one more troubled soul
Alone Together
85.9%
Hey young blood doesn't it feel like our time is running out?
The Phoenix
85.9%
Be careful making wishes in the dark
My Songs Know What You Did In The Dark
84.7%
Have you ever wanted to disappear
20 Dollar Nose Bleed
83.5%
She's singing baby come in a melody of tears while the rhythm of the rain keeps time
Jet Pack Blues
81.2%
I'm gonna make it bend and break
Thnks Fr Th Mmrs
78.8%
May nothing but death do us part
Uma Thurman
77.6%
And just one mistake is all it will take
Centuries
74.1%
And us we were pity sex, nothing more and nothing less
American Beauty|American Psycho
71.8%
I want to teach you a lesson in the worst kind of way
Just One Yesterday
71.8%
I don't believe a word you say but I can't stop listening
Where Did The Party Go
71.8%
So put all of your anger on
Novocaine
70.6%
And as the black banners raise as the crooked smiles fade
The Kids Aren't Alright
69.4%
Remember me as I was not as I am
Rat A Tat
67.1%
Oh hell yes I'm a nervous wreck
West Coast Smoker
65.9%
Hint
Answer
% Correct
Until your breathing stops forever
Chicago Is So Two Years Ago
63.5%
Dear gravity, you held me down in this starless city
Tiffany Blews
58.8%
Its just a matter of time before we're all found out
Sophomore Slump Or Comeback Of The Year
58.8%
My heads in Heaven my souls are in Hell
w.a.m.s.
57.6%
I will never believe in anything again
(Coffee's For Closers)
56.5%
Undress to impress
Death Valley
54.1%
I'll be as honest as you let me
Fourth Of July
52.9%
Got a lot of friends who are stars but some are just black holes
27
51.8%
I'm alright in bed but I'm better with a pen
Fame < Infamy
49.4%
And when it all goes to Hell, will you be able to tell me sorry with a straight face
The Patron Saint Of Liars And Fakes
36.5%
Broken down on memory lane
Don't You Know Who I Think I Am
35.3%
Hit it never quit it, I have been through the wreck
Twin Skeletons
32.9%
Never means forever
Alpha Dog
31.8%
A season of song in my own way
Bang The Doldrums
27.1%
Struck by this disaster town
The Carpal Tunnel Of Love
23.5%
Quiz Playlist
Details
Report
Send in Message
Add To Playlist
Classic:
Type in answers that appear in a list
Forced Order:
Answers have to be entered in order
Random Order:
Randomize order of answers
Last Updated: Feb 16, 2017
Quiz Scoreboard
CHALLENGE
Sign Up to Join the Scoreboard
Show All
Scores
Hide
Comments
May contain spoilers
Recently Published
Two Season TV Shows II
by 123Four
Television
10m
Image Sorting: Flags VI
by Barbecue
Geography
2m
Find the 'City' Movie
by crazypaving
Movies
60s
More to Explore
Quiz From the Vault
Featured Blog Post
14 Easter Pick-up Lines to Find Eggs With
hide this ad
You Might Also Like...
Tags
Song Quiz
Boy
fall
Favorite
Today's Top Quizzes in Music
Browse Music
hide this ad
Today's Top Quizzes in Song
Browse Song
Top Contributed Quizzes in Music
1
5X2 Blitz: Bands II
2
5X2 Blitz: The Beatles
3
Taylor Swift All Songs (2024)
4
5X2 Blitz: Billboard
5
5X2 Blitz: Billboard II
6
5X2 Blitz: Album
7
5X2 Blitz: Rock
8
5X2 Blitz: Singers
9
Music Artist by Three 2010s hits
10
5X2 Blitz: Lyrics
Explore More
Trending Topics
NBA
Marvel
Kpop
Disney
Anime
Harry Potter
Crossword
Song
The Office
Pokémon
Country
Soccer
Puzzle
NFL
WWE
hide this ad
More By:
ethanpearl
Quiz
Plays
Rating
Category
Featured
Created
Are These Lyrics FOB, Panic at The Disco, or MCR
1,192
3.00
Music
Nov 12, 2016
Emo Band Song Lyrics (Greatest Hits)
1,019
4.67
Music
Nov 23, 2017
Panic! At The Disco Song By My Favorite Lyric
421
5.00
Music
Jan 14, 2017
Panic At The Disco Song By Title Drop
421
5.00
Music
Dec 5, 2016
My Chemical Romance Song Beginnings Slot Machine
380
5.00
Music
Nov 12, 2016
Go to Creator's Profile
Score Distribution
Quiz Creator Spotlight
ethanpearl
Follow
Send a Message
Quizzes Created
-
Created Quiz Play Count
-
More By This Creator
Popular Quizzes Today
1
Find the US States - No Outlines Minefield
2
Colored Red Africa Blitz
3
Find the 'City' Movie
4
5x2 Blitz: Bands
5
The Countries of the World
6
Find the Countries of Europe - No Outlines Minefield
7
Find the US States
8
US States
More Music Quizzes
The Last Word: Album Tracks
Published
Trending Quizzes
Colored Red Europe Blitz I
Colored Red Africa Blitz II
Colored Red Europe Blitz II
Colored Red Africa Blitz III
Colored Red Europe Blitz III
Recently Updated
How Do You Spell That?
pecheneg
Godzilla Movies
pecheneg
Grab Bag: 4-10 Letters
pecheneg
2024 March Madness Bracket
pecheneg
Famous TV Couples
Peacemaker
Champions League XIs: Real Madrid
pecheneg
Largest US Cities 1790-2010
pecheneg
Rides in Walt Disney World
pecheneg
Most Oscar Losses (Acting)
pecheneg
Beyoncé Albums
pecheneg
Trending Topics
Marvel
NBA
Harry Potter
Kpop
Anime
Crossword
Disney
WWE
Song
Pokémon
NFL
Country
Puzzle
Soccer
The Office
Your Account Isn't Verified!
In order to create a playlist on Sporcle, you need to verify the email address you used during registration. Go to your
Sporcle Settings
to finish the process.
Report this User
Report this user for behavior that violates our
Community Guidelines
.
Details:
Send Report
Go to the Sporcle.com Mobile Site →
Comments